Prvková analýza morských rýb
Enregistré dans:
| Auteur principal: | |
|---|---|
| Autres auteurs: | |
| Format: | Manuscrit Livre |
| Langue: | slovaque |
| Publié: |
2025
|
| Sujets: | |
| Accès en ligne: | http://is.stuba.sk/zp/portal_zp.pl?podrobnosti=179955 |
| Tags: |
Pas de tags, Soyez le premier à ajouter un tag!
|
MARC
| LEADER | 00000ntm a22000003a 4500 | ||
|---|---|---|---|
| 001 | stuzp105338 | ||
| 003 | SK-STU | ||
| 005 | 20250628212612.9 | ||
| 007 | ta | ||
| 008 | 150427s2015----xo-----f-mn---000-0-slo-d | ||
| 040 | |a STU |b slo | ||
| 041 | 0 | |a slo | |
| 100 | 1 | |a Bittnerová, Veronika |u 041000 |4 aut |U FCHPT Fakulta chemickej a potravinárskej technológie |T FCHPT Ústav analytickej chémie |X 122186 |U C1000 |Y 99 |7 122186 | |
| 242 | 0 | 1 | |a Elemental Analysis of Sea Fish |y eng |
| 245 | 1 | 0 | |a Prvková analýza morských rýb |
| 260 | |c 2025 | ||
| 650 | 4 | |a prvková analýza |2 slo | |
| 650 | 4 | |a morské ryby |2 slo | |
| 650 | 4 | |a ťažké kovy |2 slo | |
| 650 | 4 | |a atómová absorpčná spektrometria |2 slo | |
| 650 | 4 | |a elemental analysis |2 eng | |
| 650 | 4 | |a marine fish |2 eng | |
| 650 | 4 | |a heavy metals |2 eng | |
| 650 | 4 | |a atomic absorption spectroscopy |2 eng | |
| 700 | 1 | |a Masác, Jakub |4 ths |X 64262 |7 64262 | |
| 856 | 4 | |u http://is.stuba.sk/zp/portal_zp.pl?podrobnosti=179955 | |